<?xml version="1.0" encoding="UTF-8"?>
<record
    xmlns:xsi="http://www.w3.org/2001/XMLSchema-instance"
    xsi:schemaLocation="http://www.loc.gov/MARC21/slim http://www.loc.gov/standards/marcxml/schema/MARC21slim.xsd"
    xmlns="http://www.loc.gov/MARC21/slim">

  <leader>00627nam a22001337a 4500</leader>
  <controlfield tag="008">250220b        |||||||| |||| 00| 0 eng d</controlfield>
  <datafield tag="082" ind1=" " ind2=" ">
    <subfield code="2">23rd.</subfield>
    <subfield code="a">N294.554/Ko426b</subfield>
  </datafield>
  <datafield tag="100" ind1=" " ind2=" ">
    <subfield code="a">&#x915;&#x94B;&#x908;&#x930;&#x93E;&#x932;&#x93E;, &#x915;&#x942;&#x932;&#x91A;&#x928;&#x94D;&#x926;&#x94D;&#x930;/Koirala, Kulchandra</subfield>
  </datafield>
  <datafield tag="245" ind1=" " ind2=" ">
    <subfield code="a">&#x935;&#x948;&#x923;&#x94D;&#x923;&#x935;-&#x938;&#x92E;&#x94D;&#x92A;&#x94D;&#x930;&#x926;&#x93E;&#x92F; &#x930; &#x928;&#x93E;&#x930;&#x93E;&#x92F;&#x923; &#x92E;&#x928;&#x94D;&#x926;&#x93F;&#x930;/</subfield>
    <subfield code="c"> &#x915;&#x942;&#x932;&#x91A;&#x928;&#x94D;&#x926;&#x94D;&#x930; &#x915;&#x94B;&#x908;&#x930;&#x93E;&#x932;&#x93E;.</subfield>
  </datafield>
  <datafield tag="260" ind1=" " ind2=" ">
    <subfield code="a">&#x915;&#x93E;&#x920;&#x92E;&#x93E;&#x921;&#x94C;&#x901; :</subfield>
    <subfield code="b">&#x915;&#x942;&#x932;&#x91A;&#x928;&#x94D;&#x926;&#x94D;&#x930; &#x915;&#x94B;&#x908;&#x930;&#x93E;&#x932;&#x93E; &#x938;&#x94D;&#x92E;&#x943;&#x924;&#x93F; &#x92A;&#x94D;&#x930;&#x924;&#x93F;&#x937;&#x94D;&#x920;&#x93E;&#x928;,</subfield>
    <subfield code="c">2051BS.</subfield>
  </datafield>
  <datafield tag="300" ind1=" " ind2=" ">
    <subfield code="a">viii,111p.</subfield>
  </datafield>
  <datafield tag="650" ind1=" " ind2=" ">
    <subfield code="a">Hinduism</subfield>
  </datafield>
  <datafield tag="942" ind1=" " ind2=" ">
    <subfield code="2">ddc</subfield>
    <subfield code="c">G-NC</subfield>
  </datafield>
  <datafield tag="999" ind1=" " ind2=" ">
    <subfield code="c">120429</subfield>
    <subfield code="d">120417</subfield>
  </datafield>
  <datafield tag="952" ind1=" " ind2=" ">
    <subfield code="0">0</subfield>
    <subfield code="1">0</subfield>
    <subfield code="2">ddc</subfield>
    <subfield code="4">0</subfield>
    <subfield code="7">0</subfield>
    <subfield code="a">TUCL</subfield>
    <subfield code="b">TUCL</subfield>
    <subfield code="d">2025-02-20</subfield>
    <subfield code="l">2</subfield>
    <subfield code="o">N294.554/Ko426b</subfield>
    <subfield code="p">107821</subfield>
    <subfield code="q">2025-09-28</subfield>
    <subfield code="r">2025-06-30 14:20:15</subfield>
    <subfield code="s">2025-06-30</subfield>
    <subfield code="w">2025-02-20</subfield>
    <subfield code="y">G-NC</subfield>
  </datafield>
</record>
